| 000 | 00670nam a22002057a 4500 | ||
|---|---|---|---|
| 003 | 0 | ||
| 005 | 20251113130110.0 | ||
| 008 | 251113b xxu||||| |||| 00| 0 eng d | ||
| 020 | _a0-446-61644-3 | ||
| 050 |
_aPS 3553 _b.C66 2005 |
||
| 100 |
_aConnelly, Michael, _eauthor. |
||
| 245 |
_aThe Closers / _cMichael Connelly. |
||
| 260 |
_aNew York, NY : _bTime Warner Book Group, _c2005. |
||
| 300 |
_a456 pages ; _c18 cm. |
||
| 650 | _aDetective and mystery fiction. | ||
| 650 |
_aPolice _zCalifornia _zLos Angeles _xFiction. |
||
| 650 |
_aCold cases (Criminal investigation) _zCalifornia _zLos Angeles _xFiction. |
||
| 650 |
_aConnelly, Michael _xFiction. |
||
| 942 |
_2lcc _cBK |
||
| 999 |
_c368623 _d368623 |
||